000 00600nam a22002177a 4500
003 UA-OsUOA
001 37585
007 ta
008 20060331b un ||||| |||| 00| 0 ukr d
100 _aШевчук І.
090 _a32
_bШ35
942 _cSA
040 _aUA-OsUOA
_bukr
_cUA-OsUOA
_dUA-OsUOA
245 _aЧи бути ядерному "могильнику" - це залежить тільки від нас
300 _aС.2
955 _a0
041 _aukr
080 _a32
773 0 _w37584
_tУкраїна і світ
_dК.
_d2006
_g8
650 7 _a32 Політика
_2UDC
999 _c323763
_d323763